BIBLIOTHÈQUE DE LA MAISON DU MEXIQUE

Logo 1 Logo 2

Quand la danse devient rite. Les indigènes du Mexique = When dance becomes rite. The indians of Mexico = Cuando la danza se vuelve rito. Los indios de México (notice nᵒ 11102)

détails MARC
000 -Sello discográfico
campo de control de longitud fija 01432nam a2200409 4500
005 - Identificación de versión
campo de control 20250925141530.0
010 ## - Número Estándar Internacional de Libros (ISBN)
Número (ISBN) 968-29-9696-1
035 ## - Otros números de control del sistema
Número de control del sistema 9239
035 ## - Otros números de control del sistema
Número de control del sistema 9249
099 ## - fechas locales
Tipo de ítem Koha LIBRO
100 ## - Datos de procesamiento general
Datos de procesamiento general 20000717d1988 m y1spay5003 ba
101 1# - Idioma del recurso
Idioma del texto, banda sonora, etc. Francés
-- Inglés
-- Español; Castellano
105 ## - Campo de datos codificados: Material textual, monográfico
Datos codificados de monografía a 001zy
200 1# - Título y mención de responsabilidad
Título propio Quand la danse devient rite. Les indigènes du Mexique = When dance becomes rite. The indians of Mexico = Cuando la danza se vuelve rito. Los indios de México
Designación general del material texto impreso
Otra información del título Peinture d' - Paintings of - Pinturas de
Primer mención de responsabilidad Antoine Tzapoff
205 ## - Declaración de edición
Declaración de edición Edición trilingüe francés - inglés - español
210 ## - Publicación, distribución, etc.
Lugar de publicación, distribución, etc. México
Nombre del editor, distribuidor, etc. Universidad Nacional Autónoma de México
Fecha de publicación, distribución, etc. 1988
215 ## - Descripción física
Designación de material específico y extensión del ítem 87 p
Otras características físicas principalmente fot.
Dimensiones 31 cm
318 ## - Nota de acción
Acción No se presta a domicilio
345 ## - Nota de información de adquisición
Fuente de adquisición/dirección de la suscripción [OBSOLETO] Donación
600 ## - Nombre personal usado como materia
Elemento de entrada Tzapoff
Parte del nombre distinta del elemento de entrada Antoine
Fechas 1945-
Subdivisión temática Exposiciones
Número Koha 17729
606 ## - Término temático usado como materia
Elemento de entrada Indios de México
Subdivisión temática Retratos
Número Koha 17730
606 ## - Término temático usado como materia
Elemento de entrada Indios en el arte
Número Koha 17731
700 ## - Nombre personal - Responsabilidad primaria
Elemento de entrada Tzapoff
Parte del nombre distinta del elemento de entrada Antoine
Fechas 1945-
Número Koha 17732
801 #0 - Fuente de origen
País FR
Agencia cm
Reglas de catalogación (convenciones descriptivas) AFNOR
900 ## -
-- 1/698
900 ## -
-- 7100012480\170700
942 ## - ELEMENTOS DE ENTRADA SECUNDARIOS (KOHA)
Tipo de ítem Koha Livre
996 ## -
-- MEX
-- 751145101
-- MMAG
-- 001661
-- R759.97 T998Q
-- 20120203LIV
996 ## -
-- MEX
-- 751145101
-- MMAG
-- 001662
-- F759.97 T998Q
-- 20120203LIV
Exemplaires
Estatus retirado Estado de daño Estado de pérdida Fecha de adquisición Biblioteca de origen Biblioteca actual Ubicación en estantería Código de barras Precio de reemplazo Signatura topográfica completa No para préstamo Tipo de ítem Koha Nota pública Nota no pública
      05/08/2025 Casa México Paris Casa México Paris   001662 05/08/2025 F759.97 T998Q No se presta a domicilio Livre 20120203LIV 751145101